| 000 | 00662nam a2200205 a 4500 | ||
|---|---|---|---|
| 005 | 20220914063649.0 | ||
| 008 | 010518s1999 es r 000 0 spa d | ||
| 020 | _a8436809106 | ||
| 035 | _aUPN01000106421 | ||
| 049 | _aCG | ||
| 050 | 4 |
_aRJ506 P6.8 _bC6.4 |
|
| 100 | 1 |
_aCobos Alvarez, María Pilar _941971 |
|
| 245 | 1 | 3 |
_aEl desarrollo psicomotor y sus alteraciones : _bmanual práctico para evaluarlo y favorecerlo / _cPilar Cobos Alvarez. |
| 260 |
_aMadrid : _bPirámide, _c1999. |
||
| 300 | _a165 p. | ||
| 440 | 0 |
_aOjos solares. _pTratamiento |
|
| 650 | 4 |
_aTRASTORNOS DEL MOVIMIENTO EN NIÑOS _917687 |
|
| 650 | 7 |
_aPsicomotricidad _2 _95010 |
|
| 905 | _aLibro | ||
| 999 |
_c80333 _d80333 |
||